000
00278nam a22001097a 4500
008
170120b xxu||||| |||| 00| 0 eng d
020
_a
0879094850
041
_a
eng
080
_a
618.2
245
_a
MANAGEMENT PRACTICES FOR THE HEALTH PROFESSIONAL
_c
LONGEST, B.B
942
_2
udc
_c
BK
999
_c
3289
_d
3289